SCH - Loup noir - Statistiques

Statistiques générales
  • Ce quiz a été pris 193 fois
  • Le résultat moyen est 227 sur 407
Statistiques - réponses
SCH % Correct
A
92%
à
92%
a
92%
de
92%
De
92%
le
92%
Le
92%
et
91%
Et
91%
des
88%
Des
88%
la
87%
La
87%
87%
87%
Les
83%
les
83%
dans
82%
Dans
82%
noir
81%
en
80%
que
80%
su
80%
pour
78%
faux
77%
ça
75%
m'a
75%
On
75%
on
75%
un
75%
est
74%
sourire
73%
quelques
72%
du
71%
Du
71%
ont
70%
suffi
69%
semblants
68%
au
67%
être
65%
nuit
65%
65%
ou
65%
Comme
64%
comme
64%
faire
64%
j'ai
64%
J'ai
64%
noires
64%
sourires
64%
fait
63%
gouttes
63%
mortel
63%
avant
62%
Avant
62%
qui
62%
l'cortège
61%
si
61%
pense
60%
caisses
59%
hiver
58%
l'élixir
58%
pas
58%
longs
57%
une
57%
Une
57%
coeur
56%
nous
56%
quand
56%
vie
56%
ces
55%
Mon
55%
mon
55%
divers
54%
flingue
54%
mais
54%
reufs
54%
qu'on
53%
devant
52%
faits
52%
glace
52%
mitard
52%
sans
52%
trahi
52%
guitares
50%
impers
50%
J'm'entraîne
50%
j'mentraîne
50%
sang
50%
père
49%
cent
48%
faim
48%
gens
48%
grec
48%
mille
48%
papa
48%
remède
48%
renaître
48%
Tu
48%
cachent
47%
blanches
46%
Dieu
46%
paupières
46%
ruine
45%
souffrir
45%
aux
44%
cuisine
44%
d'entre
44%
espoirs
44%
homme
44%
Italy
44%
jamais
44%
morts
44%
ai
43%
bruit
43%
enfants
43%
nuits
43%
roses
43%
sky
43%
armes
42%
aurores
42%
c'est
42%
chienne
42%
comment
42%
fermer
42%
grève
42%
j'allais
42%
Little
42%
maison
42%
maximum
42%
prendre
42%
tête
42%
bons
41%
choix
41%
D'un
41%
d'un
41%
intérim
41%
laissé
41%
même
41%
pensées
41%
sous
41%
terribles
41%
trois
41%
tuer
41%
vrai
41%
enfers
40%
frigo
40%
j'y
40%
mots
40%
pièces
40%
s'lever
40%
veux
40%
vu
40%
béton
39%
ciment
39%
couloirs
39%
Enumérer
39%
j'aurais
39%
J'aurais
39%
l'mis-per
39%
schlass
39%
sinueux
39%
sur
39%
veut
39%
violence
39%
Corleone
38%
esquisse
38%
finir
38%
mener
38%
parti
38%
Prends
38%
p'tite
38%
s'perdent
38%
tout
38%
billets
37%
JVLIVS
37%
l'dos
37%
l'guidon
37%
Redskins
37%
sommeil
37%
yeux
37%
ceux
36%
c'que
36%
estime
36%
l'orage
36%
piscine
36%
trahison
36%
traversent
36%
flingues
35%
haine
35%
nausée
35%
tonnerre
35%
choses
34%
livre
34%
m'ont
34%
potes
34%
usé
34%
versé
34%
c'était
33%
docteur
33%
Michael
33%
n'est
33%
arrête
32%
avec
32%
deuil
32%
J'dépose
32%
moteur
32%
perdre
32%
ville
32%
balle
31%
enferme
31%
éponger
31%
ici
31%
jouent
31%
l'soleil
31%
mômes
31%
qu'tout
31%
qu'une
31%
revolvers
31%
femme
30%
flottent
30%
leur
30%
sera
30%
verso
30%
vrais
30%
jeune
29%
J'parle
29%
Marie
29%
perdus
29%
s'est
29%
vit
29%
vivre
29%
vraies
29%
bercé
28%
cachés
28%
Curie
28%
qu'les
28%
sac
28%
Tous
28%
tous
28%
vient
28%
Vivons
28%
vivons
28%
d'retour
27%
l'image
27%
prompteur
27%
Trop
27%
trop
27%
s'ferment
26%
autour
25%
embrasser
25%
justifie
25%
réponse
25%
seule
25%
tenus
25%
d'la
24%
entier
24%
gantés
24%
l'plomb
24%
monde
24%
borsalinos
23%
froissés
23%
portes
23%
bleus
21%
faisons
21%
Ouais
21%
qu'j'ai
21%
tournent
20%
l'tour
19%
l'ventre
17%
compteuse
16%
Aucun quiz correspondant
Distribution des résultats
% des personnes avec chaque résultat
Percentile par nombre de réponses
Votre historique - résultats
Vous n’avez pas pris ce quiz